000 00808nam a2200253Ia 4500
003 OSt
005 20221005110741.0
006 a|||||r|||| 00| 0
007 ta
008 221004b |||||||| |||| 00| 0 hin d
024 _a108665
037 _cTextual
040 _aCRL
_cCRL
_bhin
041 _2hin
_ahin
082 _aO152,1N01x, N1
100 _aसुमित्रानंदन पंत
_9162664
245 0 _aचिदंबरा
246 _aChidanbarā
260 _aनई दिल्ली
_bराजकमल प्रकाशन भारत
_c1991
300 _a354पृ0
_ccm.
650 _aहिन्दी साहित्य
942 _hO152,1N01x, N1
_cTEXL
_2cc
999 _c1019761
_d1019761